000 00658nam a22001817a 4500
005 20220315135806.0
008 220312b ||||| |||| 00| 0 eng d
040 _cCAAAP
041 _aspa
050 4 _aSD397.B6
_bP87
110 2 _95018
_aProyecto de Capacitación, Extensión y Divulgación Forestal (Pucallpa)
245 1 0 _aSilvicultura de la Bolaina Blanca /
_bProyecto de Capacitación Extensión y Divulgación Forestal
260 _aPucallpa:
_bEl Proyecto,
_c1991
300 _a70 p.:
_bil.;
_c29 cm.
650 0 _94817
_aÁrboles
_zAmazonía
_zPerú
_xCultivo
710 2 _95020
_aCooperación Técnica del Gobierno Suizo
942 _2lcc
_bDD - MM - AA
_cBK
999 _c3560
_d3560